Financial Statement Analysis / Theory, Application and Interpretation: Sixth Edition (Record no. 663)
[ view plain ]
| 000 -LEADER | |
|---|---|
| fixed length control field | 01289cam a22002174a 4500 |
| 005 - ΗΜΕΡΟΜΗΝΙΑ ΚΑΙ ΩΡΑ ΤΕΛΕΥΤΑΙΑΣ ΕΝΗΜΕΡΩΣΗΣ | |
| Πεδίο ελέγχου | 20250605163942.0 |
| 008 - FIXED-LENGTH DATA ELEMENTS--GENERAL INFORMATION | |
| Πεδίο ελέγχου σταθερού μήκους | 250528s ||||||||||||||||||||||||d |
| 035 ## - SYSTEM CONTROL NUMBER | |
| System control number | 15064 |
| 020 ## - ISBN | |
| ISBN | 256167044 |
| 040 ## - ΠΗΓΗ ΚΑΤΑΛΟΓΟΓΡΑΦΗΣΗΣ | |
| Φορέας πρωτότυπης καταλογογράφησης | MC Athens Campus Library |
| Γλώσσα καταλογογράφησης | Ελληνικά, Μοντέρνα (1453-) |
| Modifying agency | MC Athens Campus Library |
| Κανόνες περιγραφικής καταλογογράφησης | AACR2 |
| 245 1# - ΤΙΤΛΟΣ ΚΑΙ ΔΗΛΩΣΗ ΥΠΕΥΘΥΝΟΤΗΤΑΣ | |
| Τίτλος | Financial Statement Analysis / Theory, Application and Interpretation: Sixth Edition |
| 250 ## - EDITION STATEMENT | |
| Edition statement | 6th |
| 260 ## - PUBLICATION, DISTRIBUTION, ETC. | |
| Name of publisher, distributor, etc. | Irwin Mcgraw-Hill, |
| Date of publication, distribution, etc. | 1998 |
| 300 ## - PHYSICAL DESCRIPTION | |
| Extent | 832 |
| 520 ## - SUMMARY, ETC. | |
| Summary, etc. | A state-of-the-art book that gives the reader a competitive advantage in today's demanding market. Financial Statement Analysis and Reporting, Overview of Financial Statement Analysis, Analysis Objectives and Financial Reporting, Accounting Analysis of Financial Statements, Analyzing Financing Activities, Analyzing Investing Activities, Analyzing Investing Activities: Special Topics, Analyzing Operating Activities: Income, Analyzing Business Activities: Cash Flows, Financial Analysis Application and Interpretation, Short-Term Liquidity, Forecasting and Pro Forma Analysis, Capital Structure and Solvency, Return on Invested Capital, Profitability Analysis, Earnings-Based Analysis and Valuation, References, Index. |
| 700 1# - ΠΡΟΣΘΕΤΗ ΑΝΑΓΡΑΦΗ--ΦΥΣΙΚΟ ΠΡΟΣΩΠΟ | |
| Personal name | Bernstein Leopold A. |
| 9 (RLIN) | 900 |
| 700 1# - ΠΡΟΣΘΕΤΗ ΑΝΑΓΡΑΦΗ--ΦΥΣΙΚΟ ΠΡΟΣΩΠΟ | |
| Personal name | Wild John J |
| 9 (RLIN) | 901 |
| 942 ## - ADDED ENTRY ELEMENTS (KOHA) | |
| Koha item type | Books |
| Τύπος τεκμηρίου | Βιβλιοθήκη | Τρέχουσα τοποθεσία | Barcode | Αριθμός εισαγωγής | Ημερομηνία απόκτησης | Ταξιθετικό σύμβολο | Αριθμός αντιτύπου | Κατάσταση απόσυρσης | Κατάσταση χαμένου | Κατάσταση κατεστραμμένου | Μη δανεισμός | Σύνολο δανεισμών | Ημερομηνία τελευταίας εμφάνισης | Η τιμή ισχύει από |
|---|---|---|---|---|---|---|---|---|---|---|---|---|---|---|
| Books | MC Athens Campus Library | MC Athens Campus Library | 9780000006622 | 1291 | 05/06/2025 | 657.13 BER | 1 | 05/06/2025 | 05/06/2025 |